La Independencia del auditor en la Union Europea

Detalles Bibliográficos
Autor principal: Alvarado Riquelme, Maria
Formato: Libro
Lenguaje:español
Publicado: Madrid : Dykinson, cop. 2003
Edición:2a ed
Materias:
Acceso en línea:Acceso restringido

MARC

LEADER 00000nam a2200000 i 4500
005 20110926104645.0
007 t
008 040317c2003 esp 000 0 spa c
020 |a 84-9772-221-3 
035 |a 272 
040 |d vLex 
090 |c 2571  |d 2571 
100 1 |a Alvarado Riquelme, Maria 
245 1 3 |a La Independencia del auditor en la Union Europea   |h [Recurso electrn̤ico] /  |c Maria Alvarado Riquelme 
250 |a 2a ed 
256 |a Servicio en ln̕ea. 
260 |a Madrid :  |b Dykinson,  |c cop. 2003 
300 |a 301 p. ;  |c 24 cm 
504 |a Bibliografa̕ 
506 1 |a Contenido solo disponible en los productos indicados  |d vLex Global  |d vLex Global (Academic Edition, excluding Law Schools)  |d vLex Global (U.S. Academic Edition, Law Schools)  |d vLex Global (U.S. Academic Edition, excluding Law Schools)  |d vLex Global (Academic Edition, Law Schools) 
650 0 4 |a Auditoria  |z Unin̤ europea, Paises de la 
740 0 |a vLex Libros (Servicio en ln̕ea) 
856 4 0 |u http://vlex.com/source/auditor-independencia-union-europea-272  |z Acceso restringido 
942 |c BOOK